书目信息 |
| 题名: |
中华人民共和国公务员法
|
|
| 作者: | 不详 | |
| 分册: | ||
| 出版信息: | 北京 党建读物出版社 2005 |
|
| 页数: | 30页 | |
| 开本: | 20cm | |
| 丛书名: | ||
| 单 册: | ||
| 中图分类: | D922.11 | |
| 科图分类: | ||
| 主题词: | 法律--中国 | |
| 电子资源: | ||
| ISBN: | 7-80098-794-9 | |
| 000 | 00537nam0 2200193 450 | |
| 001 | 0734170483 | |
| 005 | 20070726092903.62 | |
| 010 | @a7-80098-794-9@dCNY3.50 | |
| 100 | @a20070721d2005 km y0chiy0120 ea | |
| 101 | 0 | @achi |
| 102 | @aCN | |
| 200 | 1 | @a中华人民共和国公务员法@Azhong hua ren min gong he guo gong wu yuan fa@f不详@Fbu xiang |
| 210 | @a北京@c党建读物出版社@d2005 | |
| 215 | @a30页@d20cm | |
| 606 | 0 | @a法律@x中国 |
| 690 | @aD922.11@v3 | |
| 701 | 0 | @a不详@Abu xiang |
| 801 | 0 | @aCN@bPFT@c20070726 |
| 905 | @a10447@dD922.11@e766 | |
| 中华人民共和国公务员法/不详.-北京:党建读物出版社,2005 |
| 30页;20cm |
| ISBN 7-80098-794-9:CNY3.50 |
| ● |
| 相关链接 |
|
|
|
|
正题名:中华人民共和国公务员法
索取号:D922.11/766
 
预约/预借
| 序号 | 登录号 | 条形码 | 馆藏地/架位号 | 状态 | 备注 |
| 1 | 0769237 | 207692371 | 第一样本阅览室/ [索取号:D922.11/766] | 在馆 |